MMK 2013. Mezinárodní Masarykova konference pro doktorandy a mladé vědecké pracovníky [elektronický zdroj] : 4.ročník, 9.12.-13.12.2013, Hradec Králové, ČR
Guardado en:
| Formato: | Libro |
|---|---|
| Lenguaje: | checo inglés |
| Publicado: |
Hradec Králové :
Magnanimitas,
2013
|
| Edición: | 1. |
| Etiquetas: |
Sin Etiquetas, Sea el primero en etiquetar este registro!
|
MARC
| LEADER | 00000nam a22000003a 4500 | ||
|---|---|---|---|
| 001 | stu283501 | ||
| 005 | 20150408183135.7 | ||
| 008 | 140204s--------xr------------------cze-d | ||
| 020 | |a 978-80-987952-00-9 | ||
| 040 | |a STU |b slo | ||
| 041 | 0 | |a cze |a eng | |
| 044 | |a xr | ||
| 245 | |a MMK 2013. Mezinárodní Masarykova konference pro doktorandy a mladé vědecké pracovníky [elektronický zdroj] : |b 4.ročník, 9.12.-13.12.2013, Hradec Králové, ČR | ||
| 250 | |a 1. | ||
| 260 | |a Hradec Králové : |b Magnanimitas, |c 2013 | ||
| 300 | |a 4 384 s. [CD-ROM | ||
| 996 | |b 284M084322 |c M*CD-2384 |l MMKN |s A |a 24 |w stu283501_0001 | ||
| 996 | |b 284M084323 |c M*CD-2385 |l MMKN |s A |a 24 |w stu283501_0002 | ||